5-Letter Vocabulary (Hard) Quiz Stats

 Plays Quiz Updated Jun 23, 2017

Support Sporcle.
Go Orange.
Score 0/25 Timer 06:00
1 Play Today
% Correct
jaunt
89.8%
dowry
87.4%
caddy
85.4%
helix
85.4%
borax
84.6%
yokel
84.3%
aloof
83.9%
gruff
83.7%
extol
81%
gable
80.1%
lithe
78.7%
julep
77.4%
lurid
76.9%
% Correct
sully
75.9%
filch
72.3%
knave
71.2%
loris
67.8%
staid
67.7%
quaff
67.6%
vapid
65.8%
inure
64.6%
hyoid
59.1%
scarp
57.5%
indue
51.7%
uloid
49.9%

You're not logged in!

Compare scores with friends on all Sporcle quizzes.
OR
Log In
Forgot?

From the Vault

Movie Title Actors (A-Z)

by LTH

You've got to be important if they're naming movies after you.
Remove Ads.
Support Sporcle.
Get the best of Sporcle when you Go Orange. This ad-free experience offers more features, more stats, and more fun while also helping to support Sporcle. Thank you for becoming a member.

Show Comments

Extras

Top Quizzes Today


Score Distribution

Your Account Isn't Verified!

In order to create a playlist on Sporcle, you need to verify the email address you used during registration. Go to your Sporcle Settings to finish the process.

Report this User

Report this user for behavior that violates our Community Guidelines.

Details: